000 00219 a2200097 4500
001 28241
100 _aEvans, H L
245 _aLawnnar boundary layer theory
260 _a
_bAddison Wesley
_c1968
090 _c18855
_d18855
942 _aNUST-CAE
_cM
_c9841
999 _c263314
_d263314